000 01711cam a2200385Ia 4500
001 stillwaters00hoag
003 CaSfIA
005 20210119084526.0
007 cr||||
008 921102s1992 nyu 000 1 eng d
040 _aOCO
_cOCO
_dJBL
_dSLC
_dOCL
_dOCLCQ
_dBAKER
_dBTCTA
_dKZV
_dEM5
_dABG
_dKN4
_dCaSfIA
019 _a53991209
020 _a0553292722 (pbk.) :
_c$4.99
020 _a9780553292725 (pbk.)
035 _a(OCoLC)26898903
_z(OCoLC)53991209
043 _an-us-mn
050 1 4 _aPS3558.O333
_bS74 1992x
082 0 4 _a813/.54
_220
100 1 _aHoag, Tami.
245 1 0 _aStill waters /
_h[electronic resource]
_cTami Hoag.
260 _aNew York :
_bBantam,
_cc1992.
300 _a449 p. ;
_c18 cm.
500 _a"Bantam fanfare book."
520 _aNewspaper woman Elizabeth Stuart tries to overlook the snobby attitude of the citizens of Still Creek, but circumstances take a turn for the worse when she becomes a murder suspect.
655 7 _aRomantic suspense fiction.
_2gsafd
651 0 _aMinnesota
_vFiction.
650 0 _aReporters and reporting
_vFiction.
856 4 1 _uhttp://www.archive.org/details/stillwaters00hoag
_zFree eBook from the Internet Archive
856 4 2 _uhttp://www.openlibrary.org/books/OL7825204M
_zAdditional information and access via Open Library
029 1 _aNZ1
_b2882245
029 1 _aAU@
_b000009849429
942 _cEB
506 _fНеобхідна авторизація на https://archive.org/ (створення облікового запису безкоштовно)
506 _fНеобхідна авторизація на https://openlibrary.org/ (створення облікового запису безкоштовно)
999 _c552532
_d552532